• 首页
  • 本馆介绍
  • 公告通知
  • 最新文献
  • 馆藏检索
  • 电子资源
  • 读者导购
  • 参考咨询
  • 我的图书馆
  • 登录
  • 详细信息显示
  • 放入我的书架
  • 预约/预借图书
  • 作者相关作品
  • 分类相关作品
  • 丛书相关作品
  • 出版社相关作品

书目信息

  • 表格格式
  • 工作单格式
  • 卡片格式
题名:
中国通史
    
 
作者:
分册:  
出版信息: 北京   北京出版社  
页数:
开本:
丛书名:
单 册:
中图分类: K2
科图分类:
主题词: 中国--历史
电子资源:
ISBN: 7-200-06137-9
000 00437nam0 2200169 450
001 2635133260
005 20260414094723.01
010    @a7-200-06137-9@dCNY35.60
100    @a20260414d km y0chiy0120 ea
101 0  @achi
102    @aCN@b110000
200 1  @a中国通史@AZhong Guo Tong Shi
210    @a北京@c北京出版社
606 0  @a中国@x历史
690    @aK2@v4
801  0 @aCN@b大连网信软件有限公司图书馆·11@c20260414
905    @aZUCC@dK2@e518
    
    中国通史.-北京:北京出版社
    
    
    
    ISBN 7-200-06137-9:CNY35.60
    
●
相关链接 在E读中查询图书 在五车中查询图书 在当当中查询图书 在豆瓣中查询图书


正题名:中国通史     索取号:K2/518         预约/预借

序号 登录号 条形码 馆藏地/架位号 状态 备注
唐山师范学院图书馆 欢迎您!
大连网信软件有限公司© 版权所有